00477nam a2200205Ia 450000500170000000800460001702000180006303700100008104000080009104000080009904000080010704100080011504100080012308400080013124500270013926000320016626000090019865000150020785600490022220260306150418.0008 260114s9999 xx 000 0 eng d a9780226377308 aEbook aCRL beng cCRL 2eng aeng qCRL 4aThe Mirror of the Self bUniversity of Chicago Press c2006 aPhilosophy uhttps://www.degruyter.com/isbn/9780226377308